Work and motivation (Record no. 377860)

000 -LEADER
fixed length control field 00403cam a22001457a 4500
008 - FIXED-LENGTH DATA ELEMENTS--GENERAL INFORMATION
fixed length control field 180718b1995 xxu||||| |||| 00| 0 eng d
020 ## - INTERNATIONAL STANDARD BOOK NUMBER
International Standard Book Number 0787900303
082 ## - DEWEY DECIMAL CLASSIFICATION NUMBER
Classification number K9 V968
100 ## - MAIN ENTRY--PERSONAL NAME
Personal name Vroom, Victor H.
245 ## - TITLE STATEMENT
Title Work and motivation
Statement of responsibility, etc. by Victor H. Vroom
260 ## - PUBLICATION, DISTRIBUTION, ETC.
Place of publication, distribution, etc. San Francisco
Name of publisher, distributor, etc. Jossey-Bass
Date of publication, distribution, etc. 1995
300 ## - PHYSICAL DESCRIPTION
Extent 397p.
650 ## - SUBJECT ADDED ENTRY--TOPICAL TERM
Topical term or geographic name entry element Work - Psychological Aspects
650 ## - SUBJECT ADDED ENTRY--TOPICAL TERM
Topical term or geographic name entry element Psychology Industrial
Holdings
Withdrawn status Lost status Damaged status Not for loan Permanent Location Current Location Date acquired Full call number Barcode Date last seen Price effective from Koha item type
        Indian Institute of Public Administration Indian Institute of Public Administration 1995-07-17 K9 V968 69581 2018-07-21 2018-07-21 Book
        Indian Institute of Public Administration Indian Institute of Public Administration 2010-02-09 K9594 V968 36145 2018-07-21 2018-07-21 Book

Powered by Koha